| 000 | 00397nam a2200145 a 4500 | ||
|---|---|---|---|
| 001 | 1566 | ||
| 003 | CDMR | ||
| 005 | 20130116135212.0 | ||
| 008 | 130130s ||||||||||||||||||||||||||||d | ||
| 040 |
_aCDMR _bcat _cCPC GIRONA |
||
| 100 | 1 |
_aGil, Alfredo _91172 |
|
| 245 | 1 | 0 |
_aHojas de multiplicar _bAportación significativa de la vegetación– Ensayo literario _cGil, Alfredo |
| 260 | _c?? | ||
| 942 | _cMON | ||
| 999 |
_c1566 _d1566 |
||